00419nam a2200145Ia 4500008004100000040001900041041001200060082002200072100001900094245005600113260004000169300002000209650002300229850002100252131103s9999 xx 000 0 und d aLoreto College aEnglish a821.91/REAbLCLIB aRead, Herbert  aAnnals of innocence and experiencecby Herbert Read aLondonbFaber and Faberc[19- - ?] a236p. c 20c.m. aEnglish literature aLCLIB/821.91/REA